| 000 | 00606nam a22001817a 4500 | ||
|---|---|---|---|
| 003 | OSt | ||
| 005 | 20260311125606.0 | ||
| 082 |
_a631.587 _bLAK/PE |
||
| 088 | _aP 660 | ||
| 100 |
_aLAKSHMI KP _97932 |
||
| 100 |
_aELMA SUSAN EAPPEN _97933 |
||
| 100 |
_aGAURAV KUMAR _97934 |
||
| 245 | _aPERFORMANCE EVALUATION OF DRIP IRRIGATION IN PADDY CULTIVATION | ||
| 260 |
_aTavanur _bDEPARTMENT OF IRRIGATION AND DRAINAGE ENGINEERING, KELAPPAJI COLLEGE OF AGRICULTURAL ENGINEERING AND FOOD TECHNOLOGY _c2025 |
||
| 700 | _a Sajeena S | ||
| 856 | _uhttp://14.139.181.140:8080/jspui/handle/123456789/2203 | ||
| 942 | _cPR | ||
| 999 |
_c19633 _d19633 |
||